000 01971cam a2200337 a 4500
001 16042491
003 NUST
005 20221208135212.0
008 100106s2010 enk 000 0 eng
010 _a 2010000451
020 _a9780195144215 (hc)
020 _a019514421X
035 _a(OCoLC)ocn456181394
040 _aDLC
_cDLC
_dYDX
_dYDXCP
_dCDX
_dBWX
_dABG
_dFDA
_dDLC
043 _aaw-----
050 0 0 _aBP50
_b.L48 2010
082 0 0 _a297.2720956,LEW
_222
100 1 _aLewis, Bernard,
_d1916-2018.
_985942
245 1 0 _aFaith and power :
_breligion and politics in the Middle East /
_cBernard Lewis.
260 _aOxford ;
_aNew York, NY :
_bOxford University Press,
_c2010.
300 _axxi, 208 p. ;
_c22 cm.
505 0 _aLicense to kill : Osama bin Ladin's declaration of jihad (Page-1), Europe and Islam (Page-10), Religion and politics in Islam and Judaism (Page-39), Islam and liberal democracy (Page-55), Free at last? : the Arab world in the Twenty-first century (Page-75), Gender and the clash of civilizations (Page-89), Democracy and religion in the Middle East (Page-126), Peace and freedom in the Middle East (Page-131), Democracy, legitimacy, and succession in the Middle East: The relevance of history : transcript, Organization of the Islamic Conference, European Union, France (Page-153), Freedom and justice in Islam (Page-158), Europe and Islam (Page-169), Freedom and justice in the modern Middle East (Page-191).
650 0 _aIslam
_xHistory.
_96120
650 0 _aIslam
_xRelations.
_937246
650 0 _aEast and West.
_910370
651 0 _aMiddle East
_xReligion.
_9104480
856 4 2 _3Contributor biographical information
_uhttp://www.loc.gov/catdir/enhancements/fy1101/2010000451-b.html
856 4 2 _3Publisher description
_uhttp://www.loc.gov/catdir/enhancements/fy1101/2010000451-d.html
856 4 1 _3Table of contents only
_uhttp://www.loc.gov/catdir/enhancements/fy1101/2010000451-t.html
942 _2ddc
_cBK
_k297.2720956,LEW
999 _c592632
_d592632